Mystery Taylor Swift Song #117 - Statistics

General Stats
  • This quiz has been taken 253 times
  • The average score is 73 of 100
Answer Stats
Song % Correct
I
97%
(the
97%
the
97%
you
97%
we
96%
a
95%
it
94%
to
93%
And
91%
me)
91%
me
91%
who
91%
it's
90%
1989
89%
this
89%
When
89%
for
88%
in
88%
love
88%
they
88%
are
87%
is
87%
(New
87%
New
87%
(so
87%
so
87%
been
86%
on
86%
but
85%
Welcome
85%
York)
85%
York
85%
can
84%
ever
84%
waiting
82%
could
81%
Like
81%
never
81%
of
80%
was
79%
know
78%
want
78%
Welcome to New York
77%
Boys
76%
girls
76%
dance
75%
lights
74%
said
74%
beat
73%
bright
73%
here
73%
sound
73%
them
72%
blind
70%
soundtrack)
70%
soundtrack
70%
before
69%
our
69%
Everybody
67%
heard
67%
more
67%
something
67%
wouldn't
67%
any
66%
someone
66%
hadn't
65%
real
65%
wanted
65%
else
64%
Searching
64%
true
64%
anything
63%
change
63%
forevermore
63%
changing
62%
first
62%
guessing
60%
keeps
60%
put
60%
Took
60%
hearts
59%
apartment
58%
crazy
58%
floors
58%
bags
57%
broken
57%
drawer
57%
drives
57%
village
57%
aglow
56%
under
56%
through
55%
crowd
54%
Walking
54%
dropped
53%
heartbeats
53%
great
52%
Kaleidoscope
50%
coats
49%
loud
46%
No matching quizzes found
Score Distribution
Percent of People with Each Score
Percentile by Number Answered
Your Score History
You have not taken this quiz